00769nab a2200229 uc450000100070000000500170000700800410002403500110006503500210007604000130009704100080011010000400011824500420015865000320020065000210023265000370025365000380029065000230032877301590035194200100051099900190052079199120240201184520.0021216e19440801 spa  a791991 a(OCoLC)820004891 ccomduadb aspa10aHauser, Ernest O.4auteaut936639210aVirginia anima a los tigres voladores aBases (Aeronautica)9113812 aAviadores939439 aAviones en la literatura9107843 aAviacion en la literatura9108426 aAeropuertos9352130 tTemas del Presente y Futuro Económicos (Medellín)gTemas (Medellin) Vol. 07, Nos. 39-44, Jul.-Dic. 1944, No. 40, Ago. 1944, p. 129-131w6653240200998 cARIMP c269460d269460